Assad's silent network Syrian influence operations in Latin America : [abstract] /

In the landscape of disinformation in Latin America, one network has remained largely unexamined—the influence operations of Bashar al-Assad’s Syria. This presentation will shed light on this underreported phenomenon, mapping the web of actors, strategies, and narratives actively disseminated. Throu...

Teljes leírás

Elmentve itt :
Bibliográfiai részletek
Szerző: Navarro Michel
Testületi szerző: International Colloquium Pre-ICA 2025
Dokumentumtípus: Könyv része
Megjelent: Hispanisztika Tanszék Szeged 2025
Sorozat:International Colloquium Pre-ICA
Kulcsszavak:Politikatörténet - Szíria - 21. sz. - előadáskivonat, Bashar al-Assad, Politikatörténet - Latin-Amerika - 21. sz. - előadáskivonat
Tárgyszavak:
Online Access:http://acta.bibl.u-szeged.hu/90086
LEADER 01806naa a2200253 i 4500
001 acta90086
005 20260330104235.0
008 260330s2025 hu o 100 eng d
020 |a 978-963-688-050-7 
040 |a SZTE Egyetemi Kiadványok Repozitórium  |b hun 
041 |a eng 
100 1 |a Navarro Michel 
245 1 0 |a Assad's silent network  |h [elektronikus dokumentum] :  |b Syrian influence operations in Latin America : [abstract] /  |c  Navarro Michel 
260 |a Hispanisztika Tanszék  |b Szeged  |c 2025 
300 |a 30 
490 0 |a International Colloquium Pre-ICA 
520 3 |a In the landscape of disinformation in Latin America, one network has remained largely unexamined—the influence operations of Bashar al-Assad’s Syria. This presentation will shed light on this underreported phenomenon, mapping the web of actors, strategies, and narratives actively disseminated. Through several investigative techniques, the use of the QA method, and a two-year study (2022–2024) of online communications, I unveil how this network operates, who promoted its agenda, and what narratives it intended to embed in the region. The presentation will conclude with compelling insights and empirically relevant findings that contribute to a deeper understanding of disinformation campaigns orchestrated by authoritarian states. 
650 4 |a Társadalomtudományok 
650 4 |a Politikatudomány 
650 4 |a Bölcsészettudományok 
650 4 |a Történettudomány és régészet 
695 |a Politikatörténet - Szíria - 21. sz. - előadáskivonat, Bashar al-Assad, Politikatörténet - Latin-Amerika - 21. sz. - előadáskivonat 
711 |a International Colloquium Pre-ICA 2025  |c Szeged  |d 2025. június 27-28. 
856 4 0 |u http://acta.bibl.u-szeged.hu/90086/1/pre_ica_2025_030_002.pdf  |z Dokumentum-elérés